000 00391nam a2200133Ia 4500
008 211109s9999||||xx |||||||||||||| ||und||
082 _a894.8123
_bVEL-G
100 _aP V, Velayudhan Pillai
245 0 _aGevichidunnu Mrudhiyil
260 _bAUTHOR
_aKottayam
_c1976
630 _xGENERAL STACK
650 _aMalayalam Literature
_vMalayalam Novel
_xMalayalam FictionLiterature
942 _cBOOK
999 _c66164
_d66164